00621nam a22001697a 450000500170000001000130001702000100003003500110004003700160005108200120006710000480007924500930012724600660022026000600028627000830034630000220042920190902172127.0 aUR-10425 c55.00 aU-8980 bDBAD/PUBa- a270.330 aعلا مہ يو سف ا لقر ضا و ی  aا سلا م ا و ر معا شی تحفظ cعلا مہ يو سف ا لقر ضا و ی  bIslam Aur Maashi Tahffuz (Urdu)aby Allama Yusuf Al Qarzavi aNew DelhibMerkazi Maktaba Islami Publishersc2010 ء  aD-307,Dawat Nagar,Abulfazal Enclave,Jamia Ngr.bNew Delhie110025k26971652l- a168 صc22 Cm(Hb)